[Event "Druzynowe Mistrzostwa Polski w Szachach I LIGA 2021"]
[Site "Szklarska Poreba"]
[Date "1899-12-30"]
[Round "8.18"]
[White "Dmochowska, Agnieszka"]
[Black "Rudnicka, Ewa"]
[Result "0-1"]
[WhiteTitle "WFM"]
[BlackTitle "WFM"]
[WhiteElo "2091"]
[BlackElo "2147"]

1. e4 c5 2. Nf3 Nc6 3. d4 cxd4 4. Nxd4 Nf6 5. Nc3 d6 6. Bg5 e6 7. Qd2 a6 8. O-O-O
Bd7 9. f4 h6 10. Bh4 Nxe4 11. Qe1 Nf6 12. Nf5 Qa5 13. Nxd6+ Bxd6 14. Rxd6 Qc7
15. Qd2 Ne7 16. Bxf6 gxf6 17. Ne4 O-O-O 18. Nxf6 Bc6 19. Rxd8+ Rxd8 20. Qf2 Qa5
21. Bd3 Qxa2 22. Re1 Qa1+ 23. Kd2 Qxb2 24. Ne4 Nd5 25. Qc5 Nxf4 26. Re3 Qd4 27.
g3 Nxd3 28. cxd3 Qb2+ 29. Ke1 Kb8 30. Nd6 Rd7 31. Nc4 Qc1+ 32. Kf2 Qc2+ 33. Ke1
Qc3+ 34. Ke2 Qd4 35. Qf8+ Ka7 36. Ne5 Rc7 37. Qxh6 Qb2+ 38. Ke1 Qc1+ 39. Ke2 Bd5
40. Nc4 Bxc4 41. dxc4 Rxc4 42. Qg5 Qc2+ 43. Kf3 Qxh2 0-1

[Event "Druzynowe Mistrzostwa Polski w Szachach I LIGA 2021"]
[Site "Szklarska Poreba"]
[Date "1899-12-30"]
[Round "8.19"]
[White "Tomczak, Mikolaj"]
[Black "Kowalski, Igor"]
[Result "1-0"]
[WhiteTitle "IM"]
[BlackTitle "FM"]
[WhiteElo "2435"]
[BlackElo "2378"]

1. d4 d5 2. c4 c6 3. Nf3 Nf6 4. e3 Bf5 5. Nc3 e6 6. Bd3 Bxd3 7. Qxd3 Nbd7 8. O-O
Be7 9. e4 dxe4 10. Nxe4 O-O 11. Be3 Nxe4 12. Qxe4 Nf6 13. Qc2 Qc7 14. Rfd1 Rfd8
15. h3 h6 16. Rd3 Rac8 17. Rc1 c5 18. b3 a6 19. Qe2 Nd7 20. Rcd1 Nf8 21. d5 exd5
22. Rxd5 Ne6 23. Qc2 b6 24. Qf5 Bd6 25. Qg4 Kf8 26. Nh4 Be7 27. Ng6+ Ke8 28. Nf4
Qc6 29. Nxe6 fxe6 30. Qg6+ Kf8 31. Bxh6 gxh6 32. R1d3 exd5 33. Rf3+ Bf6 34. Rxf6+
Qxf6 35. Qxf6+ Ke8 36. cxd5 1-0

[Event "Druzynowe Mistrzostwa Polski w Szachach I LIGA 2021"]
[Site "Szklarska Poreba"]
[Date "1899-12-30"]
[Round "8.20"]
[White "Sanz, Wawer Daniel"]
[Black "Wisniewski, Michal"]
[Result "1-0"]
[WhiteTitle "FM"]
[BlackTitle "FM"]
[WhiteElo "2359"]
[BlackElo "2152"]

1. e4 c5 2. Nf3 d6 3. d4 cxd4 4. Nxd4 Nf6 5. Nc3 g6 6. Be3 Bg7 7. f3 Nc6 8. Qd2
O-O 9. O-O-O Nxd4 10. Bxd4 Be6 11. Nd5 Bxd5 12. exd5 e5 13. dxe6 fxe6 14. Bc3
d5 15. g3 Qc7 16. Re1 Rfe8 17. Bb5 e5 18. Bxe8 Rxe8 19. f4 d4 20. Ba5 Qc4 21.
b3 Qd5 22. c4 dxc3 23. Qxd5+ Nxd5 24. Rd1 Ne3 25. Rd3 exf4 26. gxf4 Ng2 27. Bc7
Re2 28. Be5 Bh6 29. Bxc3 Rxa2 30. Bb2 Nxf4 31. Rd8+ Bf8 32. Re1 g5 33. Kb1 Ra6
34. Re7 Rg6 35. Rxb7 a6 36. Rdd7 h5 37. Rh7 Rh6 38. Rxh6 Bxh6 39. Rb6 Kh7 40.
Bc1 Nd3 41. Bd2 Ne5 42. h4 Nf3 43. Bxg5 Nxg5 44. hxg5 Bxg5 45. Rxa6 h4 46. b4
Bf4 47. Kc2 h3 48. Kd3 h2 49. Ra1 Kg6 50. Ke4 Kg5 51. Kf3 Bd6 52. b5 Kf5 53. Re1
Bb4 54. Rb1 Ke6 55. Kg2 Bd6 56. b6 Kd7 57. b7 Bb8 58. Rc1 Bc7 59. Kh1 Kd8 60.
Rd1+ Ke7 61. Rb1 1-0

[Event "Druzynowe Mistrzostwa Polski w Szachach I LIGA 2021"]
[Site "Szklarska Poreba"]
[Date "1899-12-30"]
[Round "8.22"]
[White "Golecki, Jan"]
[Black "Zochowski, Kacper"]
[Result "1-0"]
[WhiteTitle "k"]
[BlackTitle "FM"]
[WhiteElo "2249"]
[BlackElo "2233"]

1. d4 d6 2. e4 Nf6 3. Nc3 g6 4. Be3 c6 5. Qd2 b5 6. Bd3 Nbd7 7. h3 Bb7 8. f4 Bg7
9. e5 b4 10. Ne4 Nd5 11. Nf3 O-O 12. e6 f5 13. Neg5 N7f6 14. g4 Nxe3 15. Qxe3
c5 16. gxf5 cxd4 17. Qf2 Qa5 18. Rg1 b3+ 19. Ke2 bxc2 20. Nxh7 Nxh7 21. Rxg6 Kh8
22. Ng5 Bf6 23. Nxh7 Kxh7 24. Rxf6 Rxf6 25. Qh4+ Rh6 26. f6+ 1-0

[Event "Druzynowe Mistrzostwa Polski w Szachach I LIGA 2021"]
[Site "Szklarska Poreba"]
[Date "1899-12-30"]
[Round "8.23"]
[White "Hasterok, Mateusz"]
[Black "Rozycki, Bartlomiej"]
[Result "1/2-1/2"]
[WhiteTitle "k"]
[BlackTitle "k++"]
[WhiteElo "2088"]
[BlackElo "2196"]

1. d4 Nf6 2. Bg5 Ne4 3. h4 d5 4. Nd2 Nxg5 5. hxg5 Bf5 6. Ngf3 e6 7. e3 Nd7 8. c4
c6 9. Qb3 Rb8 10. Bd3 dxc4 11. Qxc4 Be7 12. Bxf5 exf5 13. g6 fxg6 14. Qe6 Nf8
15. Qe5 Kf7 16. Qg3 Bd6 17. Ne5+ Bxe5 18. Qxe5 Nd7 19. Qg3 Qa5 20. a3 Nf6 21.
b4 Qd5 22. Rc1 Rhe8 23. O-O Kg8 24. Qc7 Qa2 25. Nc4 Nd5 26. Qd7 f4 27. b5 Nf6
28. Qc7 cxb5 29. Nd6 Rf8 30. e4 f3 31. gxf3 Qe6 32. Nxb5 Qh3 33. Qg3 Qd7 34. a4
a6 35. Rc7 Qd8 36. Nc3 Rc8 37. Rxc8 Qxc8 38. Ne2 Qc4 39. Nf4 b5 40. axb5 axb5
41. d5 Nh5 42. Nxh5 gxh5 43. Qe5 Qe2 44. Qxh5 Rxf3 45. Qe8+ Rf8 46. Qe6+ Kh8 47.
d6 h5 48. d7 Qf3 49. Qg6 h4 50. Qg2 Qxg2+ 51. Kxg2 Rd8 52. Rc1 Rxd7 53. Rb1 Rb7
54. Kh3 1/2-1/2

[Event "Druzynowe Mistrzostwa Polski w Szachach I LIGA 2021"]
[Site "Szklarska Poreba"]
[Date "1899-12-30"]
[Round "8.24"]
[White "Moscicka, Pola"]
[Black "Rudzinska, Michalina"]
[Result "0-1"]
[WhiteTitle "k++"]
[BlackTitle "WFM"]
[WhiteElo "1916"]
[BlackElo "2222"]

1. d4 Nf6 2. c4 e6 3. g3 d5 4. Bg2 Bb4+ 5. Bd2 a5 6. Nf3 O-O 7. O-O dxc4 8. Qc2
Bxd2 9. Nbxd2 b5 10. a4 c6 11. Ne5 Nd5 12. Rfd1 Qb6 13. Ne4 f6 14. Nf3 Nd7 15.
Bh3 Re8 16. Nd6 Re7 17. Qe4 Nf8 18. Qg4 c3 19. b3 bxa4 20. bxa4 Ba6 21. e4 Nb4
22. e5 f5 23. Qg5 Rc7 24. Bf1 Bxf1 25. Kxf1 Rb8 26. Kg2 Nd5 27. h4 Qb2 28. h5
f4 29. Rdc1 h6 30. Qh4 c2 31. Nc4 Qc3 32. Na3 Rb3 33. Qe7 0-1

[Event "Druzynowe Mistrzostwa Polski w Szachach I LIGA 2021"]
[Site "Szklarska Poreba"]
[Date "1899-12-30"]
[Round "8.25"]
[White "Paszewski, Mateusz"]
[Black "Zylka, Stanislaw"]
[Result "1/2-1/2"]
[WhiteTitle "FM"]
[BlackTitle "FM"]
[WhiteElo "2282"]
[BlackElo "2312"]

1. d4 d5 2. c4 e6 3. Nf3 Nf6 4. g3 dxc4 5. Bg2 a6 6. O-O Nc6 7. Nbd2 b5 8. b3 c3
9. Nb1 b4 10. a3 Rb8 11. axb4 Bxb4 12. Qd3 e5 13. Nxc3 exd4 14. Na4 O-O 15. Bb2
Qd6 16. Nxd4 Nxd4 17. Bxd4 Be6 18. Rfd1 Rfd8 1/2-1/2

[Event "Druzynowe Mistrzostwa Polski w Szachach I LIGA 2021"]
[Site "Szklarska Poreba"]
[Date "1899-12-30"]
[Round "8.26"]
[White "Nowak, Mikolaj"]
[Black "Koziorowicz, Michal"]
[Result "1/2-1/2"]
[WhiteTitle "k++"]
[BlackTitle "k+"]
[WhiteElo "2310"]
[BlackElo "2274"]

1. d4 Nf6 2. Nf3 g6 3. g3 Bg7 4. Bg2 O-O 5. O-O d5 6. c4 c6 7. cxd5 cxd5 8. Nc3
Nc6 9. Ne5 Qb6 10. e3 Rd8 11. Na4 Qc7 12. Nxc6 Qxc6 13. b3 b6 14. Ba3 Qb7 15.
Qe2 Bf5 16. Rfc1 Rac8 17. Bf1 h5 18. Nb2 h4 19. Nd3 hxg3 20. hxg3 Ne4 21. g4 Be6
22. Nf4 Qd7 23. Nxe6 Qxe6 24. Bg2 Bh6 25. f4 Bg7 26. Bf3 Bf8 27. Kg2 Rxc1 28.
Rxc1 Nf6 29. g5 Ne8 30. Bg4 Qe4+ 31. Qf3 Qxf3+ 32. Bxf3 e6 33. Bxf8 Kxf8 34. Be2
Rd7 35. Kf2 1/2-1/2

[Event "Druzynowe Mistrzostwa Polski w Szachach I LIGA 2021"]
[Site "Szklarska Poreba"]
[Date "1899-12-30"]
[Round "8.27"]
[White "Ciesla, Adam"]
[Black "Tomaszewski, Kacper"]
[Result "1/2-1/2"]
[WhiteTitle "m"]
[BlackTitle "FM"]
[WhiteElo "2276"]
[BlackElo "2302"]

1. e4 c5 2. Nf3 Nc6 3. Nc3 e6 4. d4 cxd4 5. Nxd4 Qc7 6. Be3 a6 7. g4 b5 8. Nxc6
Qxc6 9. Qd2 Bb7 10. O-O-O Nf6 11. f3 d5 12. g5 b4 13. Ne2 Nd7 14. Nd4 Qa4 15.
Kb1 Ne5 16. Bf4 Ng6 17. Bg3 Be7 18. h4 h5 19. gxh6 Rxh6 20. h5 Nf8 21. Bf4 Rh8
22. Be5 f6 23. Bg3 dxe4 24. fxe4 Rd8 25. Qe2 Qa5 26. Bg2 Qg5 27. Bc7 Rd7 28. Bb6
Rd6 1/2-1/2

[Event "Druzynowe Mistrzostwa Polski w Szachach I LIGA 2021"]
[Site "Szklarska Poreba"]
[Date "1899-12-30"]
[Round "8.28"]
[White "Koziol, Kamil"]
[Black "Tomaszewski, Roman"]
[Result "1/2-1/2"]
[WhiteTitle "FM"]
[BlackTitle "IM"]
[WhiteElo "2276"]
[BlackElo "2193"]

1. e4 c6 2. d4 d5 3. e5 c5 4. dxc5 e6 5. a3 Bxc5 6. b4 Be7 7. Nf3 f6 8. Bd3 a5
9. b5 Nd7 10. Bb2 fxe5 11. Nxe5 Nxe5 12. Bxe5 Nf6 13. O-O Bd6 14. f4 O-O 15. Nd2
Bd7 16. a4 Be8 17. Kh1 Bxe5 18. fxe5 Bh5 19. Be2 Bxe2 20. Qxe2 Nd7 21. Rxf8+ Qxf8
22. c4 Nc5 23. Qe3 d4 24. Qxd4 Rd8 25. Qe3 Rd3 26. Qe2 Qf4 27. Nf3 Qxc4 28. Rd1
h6 29. h4 Qd5 30. Rf1 Nxa4 31. Qf2 Rd1 32. Rxd1 Qxd1+ 33. Kh2 b6 34. Nd4 Qg4 35.
Nc6 Nc5 36. Ne7+ Kh7 37. Qf7 Qxh4+ 38. Kg1 Qe1+ 39. Kh2 Qh4+ 40. Kg1 Qd4+ 41.
Kh1 Qh4+ 42. Kg1 1/2-1/2

[Event "Druzynowe Mistrzostwa Polski w Szachach I LIGA 2021"]
[Site "Szklarska Poreba"]
[Date "1899-12-30"]
[Round "8.29"]
[White "Kaliszuk, Kamil"]
[Black "Kucharska, Honorata"]
[Result "1/2-1/2"]
[WhiteTitle "I+"]
[BlackTitle "WFM"]
[WhiteElo "1717"]
[BlackElo "2172"]

1. d4 d5 2. c4 e6 3. Nc3 Nf6 4. cxd5 exd5 5. Bg5 Be7 6. e3 c6 7. Bd3 h6 8. Bh4
Nbd7 9. Nge2 Nb6 10. O-O O-O 11. f3 Be6 12. h3 Nfd7 13. Bg3 Rc8 14. Rc1 Nf6 15.
b3 c5 16. Kh1 a6 17. f4 cxd4 18. exd4 Bd7 19. Ng1 Bb4 20. Nce2 Ne4 21. Nf3 Bf5
22. Bh2 Qe7 23. Rxc8 Rxc8 24. Ng3 Nxg3+ 25. Bxg3 Be4 26. Qe2 Bxd3 27. Qxd3 Qe4
28. Rd1 Rc2 29. a4 Rc3 30. Qb1 Qxb1 31. Rxb1 Rc2 32. Rd1 Nd7 33. Bh4 f6 34. f5
Kf7 35. Bg3 Bc3 36. Rd3 Nb6 37. Re3 Nc8 38. Bh2 Rc1+ 39. Bg1 Nd6 40. g4 Ne4 41.
h4 Rb1 42. Kg2 Rb2+ 43. Kh3 Rxb3 44. g5 hxg5 45. hxg5 fxg5 46. Kg4 Rb1 47. Bh2
Rc1 48. Re2 Rf1 49. Rc2 b5 50. axb5 axb5 51. Nxg5+ Nxg5 52. Rxc3 Ne4 53. Rc7+
Kg8 54. Be5 Rg1+ 55. Kf4 b4 56. Rb7 Nf2 57. Ke3 Nd1+ 58. Kd2 Nb2 59. Rxb4 Nc4+
60. Ke2 Rg5 61. Rb8+ Kf7 62. Rb7+ Kf8 63. Rb8+ Kf7 64. Rb7+ 1/2-1/2

[Event "Druzynowe Mistrzostwa Polski w Szachach I LIGA 2021"]
[Site "Szklarska Poreba"]
[Date "1899-12-30"]
[Round "8.30"]
[White "Kroliczek, Gabriela"]
[Black "Lach, Aleksandra"]
[Result "0-1"]
[WhiteTitle "k"]
[BlackTitle "WIM"]
[WhiteElo "1889"]
[BlackElo "2157"]

1. d4 Nf6 2. c4 e6 3. Bf4 Bb4+ 4. Nd2 b6 5. Ngf3 Bb7 6. a3 Bxd2+ 7. Nxd2 d6 8.
e3 O-O 9. Bg3 Ne4 10. Nxe4 Bxe4 11. f3 Bg6 12. Bd3 Bxd3 13. Qxd3 Nd7 14. O-O f5
15. b4 Rf7 16. Rfd1 Qf6 17. Rac1 e5 18. c5 f4 19. exf4 exf4 20. Bf2 d5 21. cxb6
cxb6 22. Qb5 Qf5 23. Rc7 Nf8 24. Qc6 Rd8 25. Re1 Rxc7 26. Qxc7 Rd7 27. Qb8 Qf7
28. h3 h6 29. Re8 g5 30. b5 Re7 31. Rd8 Kg7 32. Qd6 Rd7 33. Qe5+ Kh7 34. Re8 Ng6
35. Qb8 Re7 36. Rd8 Rd7 37. Rc8 Qe7 38. a4 Kg7 39. Re8 Qd6 40. Qxd6 Rxd6 41. Ra8
Rd7 42. Kf1 Ne7 43. Ke2 Nf5 44. Kd3 Nd6 45. g3 Nc4 46. gxf4 gxf4 47. Bh4 Rc7 48.
Bd8 Rd7 49. Rc8 Kg6 50. Rc6+ Kh5 51. Bf6 Rf7 52. Re6 Kg6 53. Bd8+ Kh5 54. Re7
Rf8 55. Bc7 Kh4 56. Rh7 Kxh3 57. Rxh6+ Kg3 58. Be5 Kxf3 59. Rh7 Rc8 60. Rxa7 Nb2+
61. Kd2 Ke4 62. Rf7 Nc4+ 63. Ke2 Nxe5 64. dxe5 Kxe5 65. Kd3 Ra8 66. Rb7 Rxa4 67.
Rxb6 Ra3+ 68. Ke2 Rb3 69. Rb8 Kd6 70. Rf8 Rxb5 71. Rxf4 Ke5 72. Rh4 Rb2+ 73. Kd3
Rb3+ 74. Kd2 Ra3 75. Rh5+ Kd4 76. Rh4+ Kc5 77. Rg4 Rh3 78. Rf4 Rh5 79. Kd3 d4
80. Rg4 Rh3+ 81. Kd2 Kc4 82. Rf4 Rh2+ 83. Kd1 Kc3 84. Rg4 Rh1+ 85. Ke2 d3+ 86.
Kf2 d2 87. Rg3+ Kc2 0-1

[Event "Druzynowe Mistrzostwa Polski w Szachach I LIGA 2021"]
[Site "Szklarska Poreba"]
[Date "1899-12-30"]
[Round "8.32"]
[White "Seemann, Jakub"]
[Black "Cyborowski, Lukasz"]
[Result "1/2-1/2"]
[WhiteTitle "FM"]
[BlackTitle "GM"]
[WhiteElo "2294"]
[BlackElo "2495"]

1. d4 d5 2. c4 e6 3. Nf3 Nf6 4. g3 Be7 5. Bg2 O-O 6. O-O c6 7. Qc2 Nbd7 8. Nbd2
b6 9. e4 dxc4 10. Nxc4 Bb7 11. Rd1 c5 12. d5 exd5 13. exd5 Bxd5 14. Bf4 Qc8 15.
Nd6 Bxd6 16. Bxd6 Rd8 17. Rxd5 Nxd5 18. Ng5 N7f6 19. Bxd5 Rxd6 20. Bxf7+ Kf8 21.
Re1 h6 22. Be6 Qc6 23. Qg6 Qe8 24. Nh7+ Nxh7 25. Qxh7 Rxe6 26. Qf5+ Qf7 27. Qxe6
1/2-1/2

[Event "Druzynowe Mistrzostwa Polski w Szachach I LIGA 2021"]
[Site "Szklarska Poreba"]
[Date "1899-12-30"]
[Round "8.33"]
[White "Protaziuk, Grzegorz"]
[Black "Barski, Radoslaw"]
[Result "1/2-1/2"]
[WhiteTitle "m"]
[BlackTitle "IM"]
[WhiteElo "2333"]
[BlackElo "2442"]

1. d4 d5 2. Nf3 e6 3. Bf4 Nf6 4. e3 c5 5. c3 Nc6 6. Nbd2 Be7 7. Ne5 Nd7 8. Nxd7
Bxd7 9. Bd3 Qb6 10. Rb1 a5 11. O-O a4 12. dxc5 Qxc5 13. e4 e5 14. exd5 exf4 15.
dxc6 Bxc6 16. Be4 O-O 17. Bxc6 Qxc6 18. Qf3 Qxf3 19. Nxf3 a3 20. bxa3 Rxa3 21.
Rxb7 Bf6 22. Rc1 g5 23. Rb5 h6 24. h4 gxh4 25. Rc2 Rxc3 26. Rxc3 Bxc3 27. Rc5
Bg7 28. Rc4 Rb8 29. Rxf4 Rb1+ 30. Kh2 Rb2 31. a4 Rxf2 32. Rxh4 Ra2 33. Rc4 Bf6
1/2-1/2

[Event "Druzynowe Mistrzostwa Polski w Szachach I LIGA 2021"]
[Site "Szklarska Poreba"]
[Date "1899-12-30"]
[Round "8.34"]
[White "Karolczuk, Iwo"]
[Black "Nurkiewicz, Maciej"]
[Result "1/2-1/2"]
[WhiteTitle "k+"]
[BlackTitle "m"]
[WhiteElo "2383"]
[BlackElo "2339"]

1. d4 Nf6 2. c4 c5 3. d5 b5 4. Nf3 Bb7 5. a4 bxc4 6. Nc3 d6 7. e4 g6 8. Bxc4 Nfd7
9. e5 Nxe5 10. Nxe5 dxe5 11. d6 Bxg2 12. Qb3 e6 13. Rg1 Bc6 14. Bxe6 fxe6 15.
Qxe6+ Be7 16. Qxe5 Kf7 17. Qxe7+ Qxe7+ 18. dxe7 Kxe7 19. Bg5+ Kf7 20. O-O-O Na6
21. Rge1 Rhe8 22. Nb5 Rxe1 23. Rxe1 Bxb5 24. axb5 Nb4 25. Re7+ Kg8 26. Kd2 Rd8+
27. Ke2 Rb8 28. Rxa7 Rxb5 29. Ra8+ 1/2-1/2

[Event "Druzynowe Mistrzostwa Polski w Szachach I LIGA 2021"]
[Site "Szklarska Poreba"]
[Date "1899-12-30"]
[Round "8.35"]
[White "Bartel, Michal"]
[Black "Walter, Szymon"]
[Result "1/2-1/2"]
[WhiteTitle "FM"]
[BlackTitle "FM"]
[WhiteElo "2181"]
[BlackElo "2284"]

1. e4 c5 2. Nf3 e6 3. d4 cxd4 4. Nxd4 Nf6 5. Bd3 Nc6 6. Nxc6 bxc6 7. Nd2 d6 8.
O-O e5 9. b3 Be7 10. Bb2 O-O 11. c4 Qc7 12. Qe2 Bg4 13. f3 Be6 14. c5 Rfd8 15.
Rfd1 d5 16. exd5 Bxc5+ 17. Kh1 cxd5 18. Bxe5 Qe7 19. Nf1 a5 20. Bxf6 Qxf6 21.
Bxh7+ Kxh7 22. Qc2+ g6 23. Qxc5 d4 24. Ng3 Rd5 25. Qc7 Rc8 26. Ne4 Qh4 27. Qg3
Qxg3 28. hxg3 Kg7 29. Rd2 a4 30. b4 a3 31. Rd3 Rb8 32. Rxa3 Rxb4 33. Rd3 Ra5 34.
a3 Rba4 35. g4 Bd5 36. Ng3 Be6 37. Kg1 f5 38. g5 f4 39. Ne4 Bf5 40. Re1 Rxa3 41.
Rxd4 Ra1 42. Rxa1 Rxa1+ 43. Kh2 Bxe4 44. Rxe4 Ra5 45. Rxf4 Rxg5 46. Ra4 Kf6 47.
Ra6+ Kg7 48. Kh3 Rc5 49. Kg4 Rf5 50. f4 Rc5 51. Re6 Rc2 52. g3 Rc5 53. Re5 Rc3
54. Rb5 Kf6 55. Rb7 Rc5 56. Rb6+ Kg7 57. Re6 Kf7 58. Re5 Rc3 59. Kh4 Rf3 60. Ra5
Kf6 61. Ra4 Rc3 62. g4 g5+ 63. fxg5+ Kg6 64. Ra6+ Kg7 65. g6 Rc5 66. Re6 Rb5 67.
Ra6 Rc5 68. g5 Rc1 69. Ra7+ Kxg6 70. Ra6+ Kg7 71. Ra4 Kg6 1/2-1/2

[Event "Druzynowe Mistrzostwa Polski w Szachach I LIGA 2021"]
[Site "Szklarska Poreba"]
[Date "1899-12-30"]
[Round "8.36"]
[White "Marcinczyk, Monika"]
[Black "Kulon, Klaudia"]
[Result "1-0"]
[WhiteTitle "WCM"]
[BlackTitle "IM"]
[WhiteElo "1982"]
[BlackElo "2332"]

1. e4 d5 2. exd5 Qxd5 3. Nc3 Qd8 4. d4 Nf6 5. Bc4 g6 6. Nge2 Bg7 7. Bf4 O-O 8.
Qd2 a6 9. a4 Nc6 10. Rd1 b6 11. Bh6 Bb7 12. Bxg7 Kxg7 13. O-O Qd6 14. Ng3 Rad8
15. Nce2 h6 16. c3 Na5 17. Ba2 Qc6 18. f3 Nc4 19. Bxc4 Qxc4 20. Qc2 Nd5 21. b3
Qc6 22. Qd2 f5 23. c4 Nf6 24. Qe3 e6 25. Nf4 Rfe8 26. Rfe1 Bc8 27. h4 Qd6 28.
Nge2 c5 29. dxc5 Qxd1 30. Rxd1 Rxd1+ 31. Kh2 e5 32. Nd5 f4 33. Qc3 bxc5 34. Nexf4
Nxd5 35. Nxd5 Bb7 36. Ne3 Rd4 37. b4 cxb4 38. Qxb4 Rd7 39. Qb6 h5 40. c5 Rc8 41.
Nc4 Rc6 42. Qb4 Re6 43. Nxe5 Rc7 44. Qd4 Kh7 45. Nd7 Rc8 46. Nf8+ Rxf8 47. Qd7+
Kh6 48. Qxe6 Bc8 49. Qe7 Rg8 50. c6 Bf5 51. g4 hxg4 52. fxg4 Rg7 53. Qxg7+ 1-0

[Event "Druzynowe Mistrzostwa Polski w Szachach I LIGA 2021"]
[Site "Szklarska Poreba"]
[Date "1899-12-30"]
[Round "8.37"]
[White "Kosakowski, Jakub"]
[Black "Klimkowski, Jan"]
[Result "1/2-1/2"]
[WhiteTitle "IM"]
[BlackTitle "FM"]
[WhiteElo "2445"]
[BlackElo "2342"]

1. d4 Nf6 2. c4 e6 3. Nf3 Bb4+ 4. Bd2 Qe7 5. g3 Bxd2+ 6. Qxd2 Nc6 7. b3 d5 8. Bg2
O-O 9. O-O Rd8 10. Qb2 b6 11. Nbd2 Bb7 12. Rac1 Ne4 13. a3 a5 14. e3 f5 15. Rc2
Rac8 16. Rfc1 Nb8 17. b4 axb4 18. axb4 dxc4 19. Nxc4 Nd7 20. b5 Ndf6 21. Nce5
Nd5 22. Nd3 Nef6 23. Nfe5 Re8 24. Rc4 Qd6 25. Qc2 Ra8 26. Rxc7 Nxc7 27. Bxb7 Nxb5
28. Bxa8 Rxa8 29. Nf4 g5 30. Nfd3 Nd5 31. Qb2 Nbc7 32. Rc6 Qa3 33. Qe2 Qe7 34.
Kg2 Ne8 35. Qb2 Ra7 36. Rc1 Rc7 37. Ra1 Rc8 38. Kg1 Nef6 39. Qb5 Qb7 40. Nc5 Qe7
41. Ncd3 Qb7 42. Nc5 Qe7 43. Ncd3 1/2-1/2

[Event "Druzynowe Mistrzostwa Polski w Szachach I LIGA 2021"]
[Site "Szklarska Poreba"]
[Date "1899-12-30"]
[Round "8.38"]
[White "Szadkowski, Kamil"]
[Black "Pacan-milej, Kosma"]
[Result "1/2-1/2"]
[WhiteTitle "FM"]
[BlackTitle "FM"]
[WhiteElo "2338"]
[BlackElo "2401"]

1. e4 c5 2. Nf3 Nc6 3. d4 cxd4 4. Nxd4 Nf6 5. Nc3 e5 6. Ndb5 d6 7. Bg5 a6 8. Na3
b5 9. Nd5 Be7 10. Bxf6 Bxf6 11. c3 Rb8 12. Nc2 Bg5 13. a4 bxa4 14. Ncb4 Nxb4 15.
cxb4 Bd7 16. Bxa6 O-O 17. O-O Qe8 18. Nc7 Qd8 19. Nd5 Qe8 20. Nc7 Qd8 21. Nd5
Qe8 1/2-1/2

[Event "Druzynowe Mistrzostwa Polski w Szachach I LIGA 2021"]
[Site "Szklarska Poreba"]
[Date "1899-12-30"]
[Round "8.39"]
[White "Olsen, Filip Boe"]
[Black "Snihur, Piotr"]
[Result "1-0"]
[WhiteTitle "IM"]
[BlackTitle "k+"]
[WhiteElo "2378"]
[BlackElo "2272"]

1. d4 d5 2. c4 e6 3. Nf3 Nf6 4. g3 dxc4 5. Bg2 Nc6 6. Qa4 Bb4+ 7. Bd2 Nd5 8. Qb5
Bxd2+ 9. Nbxd2 c3 10. bxc3 Nxc3 11. Qb3 Nd5 12. O-O O-O 13. Rac1 Nb6 14. e3 Qe7
15. Ne4 a5 16. Nc5 a4 17. Qb2 Rd8 18. Ne1 Nd5 19. Ned3 b6 20. Nxa4 Ba6 21. Rfd1
Bxd3 22. Rxc6 Rxa4 23. Bxd5 exd5 24. Rxd3 Rda8 25. Qc1 Rxa2 26. Rxc7 Qe6 27. Rd1
Qf5 28. Rf1 h5 29. Qb1 Qe6 30. Rb7 R2a6 31. h4 g6 32. Qb5 Kg7 33. Qd7 Qxd7 34.
Rxd7 Ra5 35. Kg2 Rb5 36. Rc1 Rf8 37. Rcc7 Kf6 38. Rd6+ Kf5 39. Kf3 g5 40. hxg5
Kxg5 41. Rcd7 1-0

[Event "Druzynowe Mistrzostwa Polski w Szachach I LIGA 2021"]
[Site "Szklarska Poreba"]
[Date "1899-12-30"]
[Round "8.40"]
[White "Leskiewicz, Ignacy"]
[Black "Maksimenko, Andrei"]
[Result "0-1"]
[WhiteTitle "k"]
[BlackTitle "GM"]
[WhiteElo "2169"]
[BlackElo "2460"]

1. e4 c6 2. d4 d5 3. exd5 cxd5 4. c4 Nf6 5. Nc3 e6 6. c5 Be7 7. Nf3 O-O 8. Qc2
b6 9. b4 a5 10. Na4 axb4 11. Nxb6 Ra5 12. Ne5 Ne4 13. Nxc8 Qxc8 14. Bd3 Bf6 15.
Bxe4 dxe4 16. Be3 Bxe5 17. dxe5 Qa6 18. Qe2 Nc6 19. Qxa6 Rxa6 20. Bd2 Rfa8 21.
Rb1 Rxa2 22. Ke2 Nxe5 23. Rxb4 Rd8 24. Rd1 f5 25. f3 Nd3 26. Rc4 Nf4+ 27. Kf2
g5 28. fxe4 Rdxd2+ 29. Rxd2 Rxd2+ 30. Kf1 Nxg2 0-1

[Event "Druzynowe Mistrzostwa Polski w Szachach I LIGA 2021"]
[Site "Szklarska Poreba"]
[Date "1899-12-30"]
[Round "8.41"]
[White "Jakubiec, Artur"]
[Black "Kwiatkowski, Wiktor"]
[Result "1-0"]
[WhiteTitle "GM"]
[BlackTitle "I++"]
[WhiteElo "2438"]
[BlackElo "2077"]

1. Nf3 Nf6 2. g3 b5 3. Bg2 Bb7 4. d3 d5 5. O-O e6 6. a4 a6 7. axb5 axb5 8. Rxa8
Bxa8 9. Nd4 c6 10. c4 Qb6 11. Nb3 bxc4 12. dxc4 Nbd7 13. Be3 Qb4 14. Qc2 Be7 15.
Bd2 Qb6 16. Ba5 Qb7 17. N1d2 O-O 18. Bc3 Rb8 19. Ra1 c5 20. e3 Qb6 21. Ra3 Bb7
22. Na5 Ba6 23. Qa4 Rc8 24. Nab3 Nb8 25. Bxf6 Bxf6 26. cxd5 c4 27. Na5 Qxb2 28.
Naxc4 Qc1+ 29. Bf1 exd5 30. Nb6 Rd8 31. Nxd5 Bb2 32. Qa5 Re8 33. Rb3 h6 34. Kg2
Bxf1+ 35. Nxf1 Be5 36. Ne7+ Kf8 37. Qxe5 Nc6 38. Ng6+ fxg6 39. Qd6+ Ne7 40. Rb4
Qc6+ 41. Qxc6 Nxc6 42. Rb6 Ne5 43. h4 Kf7 44. Nd2 Re6 45. Rb5 Ng4 46. Rb7+ Re7
47. Rb4 Nf6 48. Nb3 Rc7 49. Nd4 Nd5 50. Rb5 Nf6 51. Kf3 Nd7 52. Ra5 Kf6 53. g4
Nc5 54. g5+ Kf7 55. Nb5 Rd7 56. Nc3 Ne6 57. Ne4 Rc7 58. Kg3 Ke7 59. f4 Kf7 60.
Kf3 Ke7 61. Nf2 Nc5 62. Ng4 hxg5 63. hxg5 Nd7 64. Ra6 Kf7 65. Kg3 Rb7 66. Rc6
Ra7 67. Rd6 Nf8 68. Ne5+ Ke7 69. Rb6 Nd7 70. Nxd7 Rxd7 71. Rxg6 Kf7 72. Ra6 Rd1
73. g6+ Ke7 74. e4 Rg1+ 75. Kf3 Re1 76. e5 Kd7 77. Kg4 1-0

[Event "Druzynowe Mistrzostwa Polski w Szachach I LIGA 2021"]
[Site "Szklarska Poreba"]
[Date "1899-12-30"]
[Round "8.42"]
[White "Pastuszko, Kinga"]
[Black "Kubicka, Anna"]
[Result "0-1"]
[WhiteTitle "k+"]
[BlackTitle "WIM"]
[WhiteElo "1984"]
[BlackElo "2274"]

1. e4 c6 2. d4 d5 3. exd5 cxd5 4. Bd3 Nc6 5. c3 g6 6. Bf4 Bg7 7. Nf3 Nh6 8. Nbd2
Bf5 9. Nb3 Bxd3 10. Qxd3 b6 11. Qb5 Qd7 12. O-O O-O 13. a4 Rad8 14. Rfe1 Nf5 15.
Ne5 Nxe5 16. dxe5 e6 17. Nd4 Nxd4 18. cxd4 Qe7 19. Rac1 Rc8 20. Rc6 Rxc6 21. Qxc6
Qb4 22. Qc3 Qxa4 23. b3 Qb5 24. Bg5 h6 25. Bh4 a5 26. h3 Qd7 27. Rc1 Ra8 28. Qb2
b5 29. Bg3 a4 30. b4 Rc8 31. Bf4 Rc4 32. Qd2 Kh7 33. Rxc4 dxc4 34. Qc3 Qd5 35.
f3 a3 36. Bc1 a2 37. Bb2 Qa8 38. Kf2 Qa4 39. Kg3 Bf8 40. d5 Bxb4 41. Qd4 Be1+
42. Kh2 c3 43. Qxa4 bxa4 44. dxe6 fxe6 0-1

[Event "Druzynowe Mistrzostwa Polski w Szachach I LIGA 2021"]
[Site "Szklarska Poreba"]
[Date "1899-12-30"]
[Round "8.44"]
[White "Pulpan, Jakub"]
[Black "Pniaczek, Marek"]
[Result "1/2-1/2"]
[WhiteTitle "IM"]
[BlackTitle "CM"]
[WhiteElo "2418"]
[BlackElo "2314"]

1. Nf3 d5 2. d4 Nf6 3. e3 c5 4. c4 dxc4 5. Bxc4 e6 6. O-O a6 7. a4 Nc6 8. Nc3 Be7
9. Qe2 cxd4 10. Rd1 e5 11. exd4 exd4 12. Nxd4 Nxd4 13. Qe5 Qd6 14. Qxd4 Qxd4 15.
Rxd4 Bc5 16. Rd1 Be6 17. Re1 O-O 18. Bxe6 fxe6 19. Be3 Bxe3 20. Rxe3 Kf7 21. Ra3
Rad8 22. Rb3 Rd7 23. g3 Re8 24. Rf3 Kg6 25. Rb6 Ree7 26. Re3 Kf7 27. Ne4 Nxe4
28. Rxe4 e5 29. Kg2 Ke8 30. Re2 Rd4 31. b4 e4 32. a5 Kd8 33. b5 axb5 34. Rxb5
Rc4 35. h4 Kc7 36. h5 Rc6 37. Reb2 Kc8 38. Rf5 Kb8 39. Rbb5 g6 40. Rfe5 Rce6 41.
Rxe6 Rxe6 42. h6 Kc7 43. Kf1 e3 44. fxe3 Rxe3 45. g4 Rh3 46. g5 Rh2 47. Kg1 1/2-1/2

[Event "Druzynowe Mistrzostwa Polski w Szachach I LIGA 2021"]
[Site "Szklarska Poreba"]
[Date "1899-12-30"]
[Round "8.45"]
[White "Smolka, Marcin"]
[Black "Licznerski, Lukasz"]
[Result "0-1"]
[WhiteTitle "k"]
[BlackTitle "FM"]
[WhiteElo "2210"]
[BlackElo "2387"]

1. e4 c6 2. d4 d5 3. e5 Bf5 4. h4 h5 5. c4 e6 6. Nc3 Ne7 7. Nge2 Nd7 8. Bg5 Qb6
9. Ng3 Qxb2 10. Rc1 Bg6 11. Be2 dxc4 12. O-O Nd5 13. Nce4 f6 14. Be3 f5 15. Bxc4
fxe4 16. Bxd5 exd5 17. Rb1 Qa3 18. Rxb7 Qa6 19. Qb3 Nb6 20. Rc7 Rc8 21. Rxc8+
Qxc8 22. Bg5 Nc4 23. Rb1 Ba3 24. Qb7 O-O 25. Qxc8 Rxc8 26. Rb7 c5 0-1